Sustainability and commercial property valuation (Record no. 110020)
[ view plain ]
| 000 -LEADER | |
|---|---|
| fixed length control field | 02464cad a22002895a 4500 |
| 001 - CONTROL NUMBER | |
| control field | E148364 |
| 008 - FIXED-LENGTH DATA ELEMENTS--GENERAL INFORMATION | |
| fixed length control field | 090909s2009 xxk f 000 0 eng d |
| 020 ## - INTERNATIONAL STANDARD BOOK NUMBER | |
| International Standard Book Number | 9781842195376 |
| 035 ## - SYSTEM CONTROL NUMBER | |
| System control number | (Sirsi) u148364 |
| 041 0# - LANGUAGE CODE | |
| Language code of text/sound track or separate title | eng |
| 050 04 - LIBRARY OF CONGRESS CALL NUMBER | |
| Classification number | 333.332 $2 18 |
| 110 2# - MAIN ENTRY--CORPORATE NAME | |
| Corporate name or jurisdiction name as entry element | Royal Institution of Chartered Surveyors |
| 9 (RLIN) | 4900 |
| 245 00 - TITLE STATEMENT | |
| Title | Sustainability and commercial property valuation |
| Remainder of title | Valuation information paper no. 13 |
| Medium | [electronic resource] |
| 260 ## - PUBLICATION, DISTRIBUTION, ETC. | |
| Place of publication, distribution, etc. | Coventry |
| Name of publisher, distributor, etc. | RICS |
| Date of publication, distribution, etc. | 2009 |
| 300 ## - PHYSICAL DESCRIPTION | |
| Extent | iv, 24p. |
| Dimensions | 30cm. |
| 490 #0 - SERIES STATEMENT | |
| Series statement | Valuation Information Paper |
| Volume/sequential designation | (13) |
| 505 2# - FORMATTED CONTENTS NOTE | |
| Formatted contents note | Introduction -- The role of the valuer -- A background to sustainability -- Defining sustainable buildings -- Assessing a building's sustainability characteristics: collecting evidence, inspection and other investigations; land use; design and configuration; construction materials and services; location and accessibility considerations; fiscal and legislative considerations; management and leasing issues -- Reflecting sustainability characteristics in the valuation -- Conclusion -- Appendix A, glossary of terms |
| 520 ## - SUMMARY, ETC. | |
| Summary, etc. | Superseded by L158009 Sustainability and commercial property valuation 2nd ed. RICS Professional Guidance Global in October 2013. |
| 520 ## - SUMMARY, ETC. | |
| Summary, etc. | Discusses some of the key issues that may be relevant when undertaking valuations of commercial buildings. These include the assessment of whether properties are resilient to environmental risks, and recognition of the changing needs of occupiers as the adoption of Corporate Social Responsibility policies becomes more prevalent. Although many of the issues discussed apply to domestic properties (including those held for investment purposes, specialised properties, and non-commercial properties such as heritage assets), these are not specifically addressed. This VIP relates primarily to those properties that have a wider commercial use and are either owner-occupied or comprise part of an investment portfolio. It has been prepared for global application but local market conditions and the extent of the local recognition of the issues have to be taken into account. |
| 520 ## - SUMMARY, ETC. | |
| Summary, etc. | Effective from 15 September 2009. |
| 521 ## - TARGET AUDIENCE NOTE | |
| Target audience note | Advanced |
| 590 ## - LOCAL NOTE (RLIN) | |
| Local note | KA |
| 651 #4 - SUBJECT ADDED ENTRY--GEOGRAPHIC NAME | |
| Geographic name | International |
| 690 ## - LOCAL SUBJECT ADDED ENTRY--TOPICAL TERM (OCLC, RLIN) | |
| Topical term or geographic name as entry element | PROPERTY-PROPERTY APPRAISAL AND VALUATION |
| 856 41 - ELECTRONIC LOCATION AND ACCESS | |
| Uniform Resource Identifier | <a href="https://www.rics.org/Global/Downloads/VIP_13_for_web.pdf">https://www.rics.org/Global/Downloads/VIP_13_for_web.pdf</a> |
| Public note | View the valuation information paper free of charge at www.rics.org... |
| 942 ## - ADDED ENTRY ELEMENTS (KOHA) | |
| Suppress in OPAC | 0 |
| Withdrawn status | Lost status | Source of classification or shelving scheme | Damaged status | Not for loan | Home library | Current library | Shelving location | Date acquired | Total Checkouts | Full call number | Barcode | Date last seen | Copy number | Price effective from | Koha item type |
|---|---|---|---|---|---|---|---|---|---|---|---|---|---|---|---|
| Dewey Decimal Classification | London | London | RICS Boxes | 21/09/2009 | RICS 2009/28 | 30077190 | 06/08/2019 | 1 | 06/08/2019 | Archive | |||||
| Dewey Decimal Classification | London | London | RICS Boxes | 04/04/2014 | RICS 2009/28 | 30077192 | 06/08/2019 | 2 | 06/08/2019 | Book | |||||
| Dewey Decimal Classification | London | London | RICS Boxes | 04/04/2014 | RICS 2009/28 | 30077191 | 06/08/2019 | 3 | 06/08/2019 | Book | |||||
| Dewey Decimal Classification | Virtual | Virtual | Online | 09/09/2009 | ONLINE PUBLICATION | 148364-2001 | 06/08/2019 | 1 | 06/08/2019 | Book |